Statistics for Most Recent Country To ...

Click here to take the quiz!

General Stats

  • This quiz has been taken 47,382 times
    (17,042 since last reset)
  • The average score is 12 of 20

Answer Stats

Most recent country to …YearCountry% Correct
Surpass 1 billion in
population
1998India
99%
Suffer a 9.0 earthquake2011Japan
87%
Host the Winter Olympics2022China
84%
Capture Moscow1812France
80%
Join NATO2023Finland
77%
Become a nuclear power2006North Korea
76%
Control the entire Mediterranean395Roman Empire
74%
Invade British territory1982Argentina
73%
Be settled by human beings
(Europe)
874Iceland
66%
Be annexed by China1951Tibet
66%
Join the United Nations2011South Sudan
65%
Officially execute a former leader
2006Iraq
61%
Join the EU2013Croatia
52%
Re-establish foreign relations
with the United States
2015Cuba
47%
Gain "observer" status to the
United Nations
2012Palestinian
Territories
46%
Surpass 100 million in
population
2022D. R. Congo
39%
Stop recognizing the British
monarch as head of state
2021Barbados
34%
Be settled by human beings1770Seychelles
30%
Be annexed1990East Germany
23%
Make slavery illegal1981Mauritania
23%

Score Distribution

Percentile by Number Answered

Percent of People with Each Score

Your Score History

You have not taken this quiz since the last reset